Statistiques concernant Tableau des médailles complet - JO d'hiver 2022

Cliquez ici pour prendre le quiz!

Statistiques générales

  • Ce quiz a été pris 93 fois
  • Le résultat moyen est 24 sur 29

Statistiques - réponses

PaysOrArgentBronzeMédailles% Correct
France57214
100%
Canada481426
99%
C.O.R.
6121432
99%
Chine94215
98%
Etats-Unis810725
98%
Suède85518
96%
Allemagne1210527
95%
Suisse
72514
95%
Italie27817
95%
Norvège
16
81337
95%
Japon36918
94%
Finlande2248
92%
Espagne0101
86%
Grande-Bretagne1102
86%
Corée du Sud2529
84%
Pays-Bas
85417
82%
Australie1214
80%
Autriche77418
78%
Pologne0011
77%
Ukraine0101
76%
Belgique1012
75%
Lettonie
0011
72%
Hongrie1023
71%
Slovaquie1012
71%
Slovénie2327
71%
Estonie0011
70%
République tchèque1012
70%
Biélorussie0202
63%
Nouvelle-Zélande2103
61%

Distribution des résultats

Percentile par nombre de réponses

% des personnes avec chaque résultat

Votre développement - résultats

Vous n’avez pas pris ce quiz